|
|
|
|
| LEADER |
01847nam a2200493Ia 4500 |
| 001 |
EBC3332040 |
| 003 |
MiAaPQ |
| 005 |
20200520144314.0 |
| 006 |
m o d | |
| 007 |
cr cn||||||||| |
| 008 |
091030s2008 qucab sb 001 0 eng d |
| 010 |
|
|
|z 2009499290
|
| 020 |
|
|
|z 9780773534681
|
| 020 |
|
|
|z 0773534687
|
| 020 |
|
|
|z 9780773534698
|
| 020 |
|
|
|z 0773534695
|
| 020 |
|
|
|z 9780773575950
|
| 035 |
|
|
|a (MiAaPQ)EBC3332040
|
| 035 |
|
|
|a (Au-PeEL)EBL3332040
|
| 035 |
|
|
|a (CaPaEBR)ebr10558989
|
| 035 |
|
|
|a (CaONFJC)MIL286642
|
| 035 |
|
|
|a (OCoLC)923233981
|
| 040 |
|
|
|a MiAaPQ
|c MiAaPQ
|d MiAaPQ
|
| 050 |
|
4 |
|a HD1696.C2
|b C368 2008
|
| 082 |
0 |
4 |
|a 333.9100971
|2 22
|
| 245 |
0 |
0 |
|a Canadian water politics
|h [electronic resource] :
|b conflicts and institutions /
|c edited by Mark Sproule-Jones, Carolyn Johns and B. Timothy Heinmiller.
|
| 260 |
|
|
|a Montreal ;
|a Ithaca [N.Y.] :
|b McGill-Queen's University Press,
|c c2008.
|
| 300 |
|
|
|a xvii, 390 p. :
|b ill., maps.
|
| 504 |
|
|
|a Includes bibliographical references (p. [333]-373) and index.
|
| 533 |
|
|
|a Electronic reproduction. Ann Arbor, MI : ProQuest, 2015. Available via World Wide Web. Access may be limited to ProQuest affiliated libraries.
|
| 650 |
|
0 |
|a Water resources development
|z Canada.
|
| 650 |
|
0 |
|a Water
|x Government policy
|z Canada.
|
| 650 |
|
0 |
|a Water
|z Canada
|x Management.
|
| 650 |
|
0 |
|a Water-supply
|z Canada.
|
| 650 |
|
0 |
|a Water use
|z Canada.
|
| 650 |
|
0 |
|a Water conservation
|z Canada.
|
| 650 |
|
0 |
|a Water rights
|z Canada.
|
| 650 |
|
0 |
|a Eau
|x Gestion.
|
| 655 |
|
4 |
|a Electronic books.
|
| 700 |
1 |
|
|a Sproule-Jones, Mark,
|d 1941-
|
| 700 |
1 |
|
|a Johns, Carolyn
|q (Carolyn M.),
|d 1967-
|
| 700 |
1 |
|
|a Heinmiller, B. Timothy,
|d 1975-
|
| 710 |
2 |
|
|a ProQuest (Firm)
|
| 856 |
4 |
0 |
|u https://ebookcentral.proquest.com/lib/matrademy/detail.action?docID=3332040
|z Click to View
|